[Event "Mittelrhein Verbandsliga Sued 1920"]
[Site "Mittelrhein"]
[Date "2019.09.29"]
[Round "1.1"]
[White "Koegler, Christof"]
[Black "Weber, Jannis"]
[Result "1-0"]
[WhiteElo "2015"]
[BlackElo "2036"]
[PlyCount "85"]
[EventDate "2019.09.29"]
[EventType "team-tourn"]
[EventRounds "9"]
[EventCountry "GER"]
[SourceTitle "EXT 2023"]
[Source "ChessBase"]
[SourceDate "2022.10.05"]
[SourceVersion "1"]
[SourceVersionDate "2022.10.05"]
[SourceQuality "1"]
[WhiteTeam "Godesberg III"]
[BlackTeam "Hennef"]
[WhiteTeamCountry "GER"]
[BlackTeamCountry "GER"]

1. d4 Nf6 2. Nf3 g6 3. Nc3 d5 4. Bf4 Bg7 5. e3 0-0 6. h4 Bg4 7. Be2 c5 8. Ne5 Bxe2 9. Qxe2 Nc6 10. 0-0-0 Nh5 11. Bh2 cxd4 12. exd4 Bh6+ 13. Kb1 Nf4 14. Qe3 Nxe5 15. dxe5 d4 16. Rxd4 Nxg2 17. Rxd8 Nxe3 18. Rxf8+ Kxf8 19. fxe3 Bxe3 20. Nd5 Bf2 21. Bg1 Bg3 22. Bc5 Bxe5 23. Bxe7+ Kg7 24. Re1 f6 25. Rf1 Re8 26. c4 f5 27. Kc2 Kf7 28. Bg5 Bg3 29. Rf3 Be1 30. Kd3 h6 31. Bxh6 Bxh4 32. Re3 Rg8 33. c5 Bd8 34. Bf4 g5 35. Bd6 f4 36. Re5 f3 37. Ne3 g4 38. Ke4 Bf6 39. Rf5 Ke6 40. Rf4 g3 41. Kxf3 Bxb2 42. Re4+ Kd7 43. Re7+ 1-0

[Event "GER-ch U25-A"]
[Site "Willingen"]
[Date "2019.06.15"]
[Round "9"]
[White "Tscheuschner, Georg"]
[Black "Weber, Jannis"]
[Result "1-0"]
[WhiteElo "2113"]
[BlackElo "1889"]
[PlyCount "91"]
[EventDate "2019.06.08"]
[EventType "swiss"]
[EventRounds "9"]
[EventCountry "GER"]
[SourceTitle "CBM 191 Extra"]
[Source "ChessBase"]
[SourceDate "2019.09.30"]
[SourceVersion "1"]
[SourceVersionDate "2019.09.30"]
[SourceQuality "1"]

1. c4 Nf6 2. Nc3 d5 3. cxd5 Nxd5 4. g3 g6 5. Bg2 Nxc3 6. bxc3 Bg7 7. h4 h6 8. Rb1 c6 9. Qc2 Nd7 10. d3 Qc7 11. Nf3 b6 12. h5 g5 13. Nd4 Bb7 14. Nf5 Bf6 15. c4 e6 16. Ne3 c5 17. Bxb7 Qxb7 18. 0-0 Bd4 19. Bb2 f5 20. Bxd4 cxd4 21. Qb2 0-0-0 22. Qxd4 Nc5 23. Qe5 Qc7 24. Qxc7+ Kxc7 25. f3 Nd7 26. g4 f4 27. Nd1 Nc5 28. Nc3 Rh7 29. Rfd1 Rhd7 30. Kf2 Kc6 31. Rd2 Rd4 32. Rdb2 R4d7 33. a4 Rb7 34. Ke1 Rd6 35. Kd2 Rd8 36. Kc2 Rd6 37. a5 bxa5 38. Rxb7 Nxb7 39. Nb5 Rd8 40. Nxa7+ Kc7 41. Nb5+ Kc6 42. Na7+ Kc7 43. Nb5+ Kc6 44. Kc3 e5 45. d4 exd4+ 46. Nxd4+ 1-0

[Event "GER-ch U25-A"]
[Site "Willingen"]
[Date "2019.06.12"]
[Round "6"]
[White "Stemmler, Fabian"]
[Black "Weber, Jannis"]
[Result "0-1"]
[WhiteElo "2002"]
[BlackElo "1889"]
[PlyCount "38"]
[EventDate "2019.06.08"]
[EventType "swiss"]
[EventRounds "9"]
[EventCountry "GER"]
[SourceTitle "CBM 191 Extra"]
[Source "ChessBase"]
[SourceDate "2019.09.30"]
[SourceVersion "1"]
[SourceVersionDate "2019.09.30"]
[SourceQuality "1"]

1. d4 g6 2. c4 Nf6 3. f3 d5 4. cxd5 Nxd5 5. e4 Nb6 6. Nc3 Bg7 7. Be3 e5 8. d5 0-0 9. Qd2 c6 10. Rd1 cxd5 11. Nxd5 Nxd5 12. Bc4 Nxe3 13. Qxd8 Nxc4 14. Qg5 Nxb2 15. Rd2 Nc4 16. Rc2 Be6 17. Qc1 b5 18. Ne2 Nc6 19. 0-0 Nb4 0-1

[Event "Mittelrhein Verbandsliga-S 18/19"]
[Site "Nordrheinwestfalen"]
[Date "2019.03.10"]
[Round "8.1"]
[White "Fuss, Jean Pierre"]
[Black "Weber, Jannis"]
[Result "0-1"]
[WhiteElo "1950"]
[BlackElo "1903"]
[PlyCount "104"]
[EventDate "2018.09.02"]
[EventType "team-tourn"]
[EventRounds "11"]
[EventCountry "GER"]
[SourceTitle "EXT 2022"]
[Source "ChessBase"]
[SourceDate "2021.10.06"]
[SourceVersion "1"]
[SourceVersionDate "2021.10.06"]
[SourceQuality "1"]
[WhiteTeam "St Augustin Turm"]
[BlackTeam "Hennef"]
[WhiteTeamCountry "GER"]
[BlackTeamCountry "GER"]

1. d4 Nf6 2. c4 g6 3. Nc3 d5 4. cxd5 Nxd5 5. e4 Nxc3 6. bxc3 c5 7. Bc4 Bg7 8. Ne2 Nc6 9. Be3 0-0 10. 0-0 Qc7 11. Qc2 Na5 12. Bb3 c4 13. Ba4 a6 14. Qd2 b5 15. Bc2 Nb7 16. Bh6 e5 17. Bxg7 Kxg7 18. f4 exd4 19. cxd4 f5 20. e5 Be6 21. Rfd1 Rfd8 22. a4 c3 23. Qxc3 Qxc3 24. Nxc3 Rac8 25. axb5 Rxc3 26. bxa6 Rxc2 27. axb7 Bd5 28. Rac1 Rxc1 29. Rxc1 Rb8 30. Rc7+ Kh6 31. Rd7 Bxb7 32. d5 Ba6 33. e6 Bb5 34. Rc7 Rd8 35. Rc5 Be8 36. Kf2 Kg7 37. Ke3 Kf6 38. Kd4 Ra8 39. Rc4 Ra4 40. Rxa4 Bxa4 41. Kc5 Ke7 42. Kb4 Bc2 43. Kc5 Be4 44. g3 Bf3 45. Kc6 Be4 46. Kc5 Bc2 47. Kc6 Ba4+ 48. Kc5 Be8 49. Kd4 Kd6 50. Kc4 Ba4 51. h3 h5 52. Kd4 Bb5 0-1

[Event "GER-ch U25-A"]
[Site "Willingen"]
[Date "2018.05.23"]
[Round "6"]
[White "Hoffmann, Fabian"]
[Black "Weber, Jannis"]
[Result "0-1"]
[WhiteElo "1842"]
[BlackElo "1980"]
[PlyCount "130"]
[EventDate "2018.05.19"]
[EventType "swiss"]
[EventRounds "9"]
[EventCountry "GER"]
[SourceTitle "CBM 184 Extra"]
[Source "ChessBase"]
[SourceDate "2018.06.28"]
[SourceVersion "1"]
[SourceVersionDate "2018.06.28"]
[SourceQuality "1"]

1. e4 c5 2. Nf3 d6 3. Bb5+ Nd7 4. 0-0 a6 5. Bc4 e6 6. c3 Ngf6 7. Re1 b5 8. Bb3 c4 9. Bc2 Bb7 10. b4 Be7 11. d4 cxd3 12. Bxd3 Nb6 13. Nbd2 0-0 14. Qc2 Rc8 15. Nb3 d5 16. e5 Ne4 17. Nc5 Bxc5 18. bxc5 Na4 19. Nd2 Naxc5 20. Bxe4 dxe4 21. Ba3 Qd3 22. Qxd3 exd3 23. Nb3 Nxb3 24. axb3 Rfd8 25. Bb4 Bd5 26. Rab1 Ra8 27. Ba5 Rd7 28. f3 Rc8 29. Kf2 g5 30. Red1 Ba8 31. Rd2 Kg7 32. Re1 Kg6 33. Re3 Kf5 34. Bb4 Rd5 35. g4+ Kg6 36. Rexd3 Rxd3 37. Rxd3 Bd5 38. Kg3 Bxb3 39. h4 h6 40. hxg5 hxg5 41. Rd2 Bd5 42. Rf2 Rc4 43. Re2 Rf4 44. Re3 f6 45. exf6 Kxf6 46. Bd6 Rc4 47. Bb4 Kf7 48. Re1 Rf4 49. Rf1 Ke8 50. Bd6 Rc4 51. Bb4 Kd7 52. f4 gxf4+ 53. Rxf4 Rc8 54. Rf8 Rxf8 55. Bxf8 e5 56. Ba3 a5 57. Kf2 Bf7 58. Ke3 Ke6 59. Kd2 Kd5 60. Kc2 Be6 61. g5 Bf5+ 62. Kb3 Ke4 63. Bc5 Kd3 64. Bb6 Be6+ 65. Ka3 a4 0-1

[Event "GER-ch U25-A"]
[Site "Willingen"]
[Date "2018.05.20"]
[Round "2"]
[White "Mueller, Magnus"]
[Black "Weber, Jannis"]
[Result "1/2-1/2"]
[WhiteElo "1912"]
[BlackElo "1980"]
[PlyCount "75"]
[EventDate "2018.05.19"]
[EventType "swiss"]
[EventRounds "9"]
[EventCountry "GER"]
[SourceTitle "CBM 184 Extra"]
[Source "ChessBase"]
[SourceDate "2018.06.28"]
[SourceVersion "1"]
[SourceVersionDate "2018.06.28"]
[SourceQuality "1"]

1. e4 c5 2. Nf3 d6 3. d4 cxd4 4. Qxd4 Nc6 5. Bb5 Bd7 6. Bxc6 Bxc6 7. Nc3 Nf6 8. Bg5 h6 9. Bxf6 gxf6 10. 0-0-0 Rg8 11. g3 Bg7 12. Qd3 Qa5 13. Nd4 Bd7 14. Rhe1 0-0-0 15. Nd5 Rge8 16. Qc4+ Qc5 17. Qb3 e6 18. Re3 Kb8 19. Rc3 exd5 20. Rxc5 dxc5 21. Nb5 c4 22. Qb4 Bf8 23. Qa5 Bxb5 24. Qxb5 a6 25. Qa5 d4 26. Qf5 Rd6 27. f4 Red8 28. e5 fxe5 29. fxe5 R6d7 30. Qf4 Ka8 31. c3 dxc3 32. Rxd7 cxb2+ 33. Kxb2 Rxd7 34. Qxc4 Kb8 35. Qf4 Bg7 36. Kb3 Kc8 37. a4 Kd8 38. Qe4 1/2-1/2

[Event "GER-ch U25-A"]
[Site "Willingen"]
[Date "2018.05.20"]
[Round "1"]
[White "Weber, Jannis"]
[Black "Gallasch, Robin"]
[Result "0-1"]
[WhiteElo "1980"]
[BlackElo "1804"]
[PlyCount "110"]
[EventDate "2018.05.19"]
[EventType "swiss"]
[EventRounds "9"]
[EventCountry "GER"]
[SourceTitle "CBM 184 Extra"]
[Source "ChessBase"]
[SourceDate "2018.06.28"]
[SourceVersion "1"]
[SourceVersionDate "2018.06.28"]
[SourceQuality "1"]

1. e4 c6 2. d4 d5 3. exd5 cxd5 4. c4 Nf6 5. Nc3 g6 6. Qb3 Bg7 7. cxd5 0-0 8. Nge2 Nbd7 9. g3 Nb6 10. Bg2 e6 11. d6 Qxd6 12. Bf4 Qd8 13. 0-0 Nfd5 14. Be5 Qd7 15. Bxg7 Kxg7 16. Nxd5 Nxd5 17. Nc3 Rd8 18. Nxd5 exd5 19. Rfe1 b6 20. Re5 Bb7 21. Rae1 Rac8 22. Re7 Qc6 23. Qe3 Rd7 24. Qe5+ Kg8 25. Bh3 Rxe7 26. Qxe7 Rf8 27. Kg2 a6 28. Bg4 Bc8 29. Bf3 Be6 30. Qg5 Re8 31. Re5 f6 32. Rxe6 Qxe6 33. Qxd5 Qxd5 34. Bxd5+ Kg7 35. Kf3 f5 36. Bc6 Re1 37. b3 Kf6 38. Bb7 a5 39. Ba6 Re4 40. d5 Ke5 41. h4 a4 42. Bc4 a3 43. Kg2 Re1 44. Kf3 Ra1 45. b4 Rb1 46. d6 Kxd6 47. Bg8 Rxb4 48. Bxh7 Rb2 49. Bxg6 Rxa2 50. Bf7 Rb2 51. Kf4 Ke7 52. Bd5 Rxf2+ 53. Kg5 a2 54. Bxa2 Rxa2 55. Kxf5 Kf7 0-1

[Event "Mittelrhein Verbandsliga-S 17/18"]
[Site "Nordrheinwestfalen"]
[Date "2018.05.06"]
[Round "11.2"]
[White "Turco, Alfonso"]
[Black "Weber, Jannis"]
[Result "0-1"]
[WhiteElo "1939"]
[BlackElo "1980"]
[PlyCount "64"]
[EventDate "2017.09.10"]
[EventType "team-tourn"]
[EventRounds "11"]
[EventCountry "GER"]
[SourceTitle "EXT 2022"]
[Source "ChessBase"]
[SourceDate "2021.10.06"]
[SourceVersion "1"]
[SourceVersionDate "2021.10.06"]
[SourceQuality "1"]
[WhiteTeam "Satranc Club"]
[BlackTeam "Hennef"]
[WhiteTeamCountry "GER"]
[BlackTeamCountry "GER"]

1. Nf3 Nf6 2. c4 g6 3. b4 Bg7 4. Bb2 0-0 5. g3 d5 6. cxd5 Nxd5 7. Bxg7 Kxg7 8. Qc2 Kg8 9. Qb2 a5 10. b5 c6 11. Bg2 cxb5 12. Qxb5 Nb4 13. Na3 Bd7 14. Qc4 N8c6 15. 0-0 Be6 16. Qh4 f6 17. d4 Bxa2 18. Rfd1 Qe8 19. e4 Qf7 20. d5 Ne5 21. Nd4 Rfc8 22. f4 Nc4 23. Bh3 f5 24. Nxc4 Rxc4 25. exf5 Rxd4 26. Rxd4 Nc2 27. fxg6 Qxg6 28. Be6+ Kf8 29. f5 Qf6 30. Rg4 Qxa1+ 31. Kg2 Ne3+ 32. Kf3 Nxg4 0-1

[Event "Mittelrhein Verbandsliga-S 17/18"]
[Site "Nordrheinwestfalen"]
[Date "2018.01.14"]
[Round "6.3"]
[White "Evers, Leo"]
[Black "Weber, Jannis"]
[Result "1-0"]
[WhiteElo "1997"]
[BlackElo "1861"]
[PlyCount "77"]
[EventDate "2017.09.10"]
[EventType "team-tourn"]
[EventRounds "11"]
[EventCountry "GER"]
[SourceTitle "EXT 2022"]
[Source "ChessBase"]
[SourceDate "2021.10.06"]
[SourceVersion "1"]
[SourceVersionDate "2021.10.06"]
[SourceQuality "1"]
[WhiteTeam "Porz SG III"]
[BlackTeam "Hennef"]
[WhiteTeamCountry "GER"]
[BlackTeamCountry "GER"]

1. d4 Nf6 2. c4 g6 3. Nc3 d5 4. Bf4 Bg7 5. e3 0-0 6. Rc1 c5 7. dxc5 dxc4 8. Qxd8 Rxd8 9. Bxc4 Nc6 10. a3 a5 11. Nf3 Bf5 12. 0-0 Ne4 13. Nxe4 Bxe4 14. Bxf7+ Kxf7 15. Ng5+ Ke8 16. Nxe4 Bxb2 17. Rb1 Bxa3 18. Rxb7 Rd5 19. h3 Rc8 20. Rb5 Bb4 21. Ra1 Nd8 22. Rb8 Rxb8 23. Bxb8 Kd7 24. Ba7 Kc6 25. Bb6 Nb7 26. g3 Kb5 27. Rc1 Re5 28. c6 Kxb6 29. c7 Rxe4 30. c8Q Nc5 31. Qb8+ Kc6 32. Qa8+ Kb6 33. Rxc5 Bxc5 34. Qxe4 Kb5 35. Kf1 a4 36. Ke2 a3 37. Qd5 Kb4 38. Kd3 Bd6 39. e4 1-0

[Event "Pardubice op rap 26th"]
[Site "Pardubice"]
[Date "2015.07.22"]
[Round "2"]
[White "Shilov, Sergej"]
[Black "Weber, Jannis"]
[Result "1-0"]
[WhiteElo "2201"]
[BlackElo "1903"]
[PlyCount "87"]
[EventDate "2015.07.22"]
[EventType "swiss (rapid)"]
[EventRounds "9"]
[EventCountry "CZE"]
[SourceTitle "CBM 167 Extra"]
[Source "ChessBase"]
[SourceDate "2015.09.14"]
[SourceVersion "1"]
[SourceVersionDate "2015.09.14"]
[SourceQuality "1"]

1. e4 c5 2. c3 Nf6 3. e5 Nd5 4. d4 cxd4 5. Nf3 e6 6. cxd4 Bb4+ 7. Bd2 Nc6 8. Nc3 Nxc3 9. bxc3 Be7 10. Bd3 d6 11. exd6 Bxd6 12. 0-0 0-0 13. Qe2 b6 14. Qe4 f5 15. Qxc6 Rb8 16. Bg5 Bb7 17. Qxb7 Rxb7 18. Bxd8 Rxd8 19. Rfe1 Rc7 20. c4 Re7 21. Re2 h6 22. h4 Kf7 23. a4 Kf6 24. a5 Bb4 25. axb6 axb6 26. Rb1 Ba5 27. h5 Rc8 28. Rb5 Rc6 29. c5 Re8 30. Ne5 Rcc8 31. cxb6 Bc3 32. b7 Bxd4 33. bxc8Q Rxc8 34. Nf3 Ba7 35. Ra5 Bb8 36. Ra6 Rc1+ 37. Re1 Rxe1+ 38. Nxe1 Ke5 39. Bc4 Kf4 40. Rxe6 Kg5 41. Be2 Ba7 42. Rg6+ Kh4 43. g3+ Kh3 44. Bf1# 1-0

[Event "Pardubice op rap 26th"]
[Site "Pardubice"]
[Date "2015.07.22"]
[Round "3"]
[White "Weber, Jannis"]
[Black "Minko, Vladimir"]
[Result "0-1"]
[WhiteElo "1903"]
[BlackElo "2226"]
[PlyCount "62"]
[EventDate "2015.07.22"]
[EventType "swiss (rapid)"]
[EventRounds "9"]
[EventCountry "CZE"]
[SourceTitle "CBM 167 Extra"]
[Source "ChessBase"]
[SourceDate "2015.09.14"]
[SourceVersion "1"]
[SourceVersionDate "2015.09.14"]
[SourceQuality "1"]

1. e4 c5 2. d4 cxd4 3. c3 d3 4. Bxd3 Nc6 5. Nf3 g6 6. 0-0 Bg7 7. Be3 d6 8. Nbd2 Nf6 9. Nb3 0-0 10. Nbd4 Ng4 11. Re1 Nxe3 12. Rxe3 Nxd4 13. cxd4 Qb6 14. Bc4 Bg4 15. d5 Rfc8 16. Rb3 Qc5 17. Rc1 Rab8 18. Rc2 a6 19. Bd3 Qa7 20. h3 Bd7 21. Rb4 b5 22. Ng5 h6 23. Nf3 a5 24. Rb3 b4 25. Rxc8+ Rxc8 26. Qf1 Ba4 27. Ba6 Ra8 28. Bc4 Bxb3 29. axb3 Bxb2 30. Bb5 Rc8 31. Nd2 Rc1 0-1

[Event "Verbandsliga Mittelrhein-Ost 1213"]
[Site "Germany"]
[Date "2012.12.02"]
[Round "5.7"]
[White "Weber, Jannis"]
[Black "Bauer, Mirko"]
[Result "0-1"]
[WhiteElo "1437"]
[BlackElo "1735"]
[PlyCount "88"]
[EventDate "2012.09.09"]
[EventType "team"]
[EventRounds "11"]
[EventCountry "GER"]
[SourceTitle "EXT 2015"]
[Source "ChessBase"]
[SourceDate "2014.11.20"]
[SourceVersion "1"]
[SourceVersionDate "2014.11.20"]
[SourceQuality "1"]
[WhiteTeam "Hennef"]
[BlackTeam "Troisdorf"]
[WhiteTeamCountry "GER"]
[BlackTeamCountry "GER"]

1. c4 g6 2. Nc3 Bg7 3. g3 d6 4. Bg2 Nf6 5. d3 0-0 6. Bd2 c5 7. Rb1 Nc6 8. Nf3 Bd7 9. a3 a5 10. Nb5 Ne8 11. Bc3 Nc7 12. Nd2 Qc8 13. Bxg7 Kxg7 14. Nc3 Bh3 15. 0-0 Bxg2 16. Kxg2 Ne6 17. Nd5 Ng5 18. Kh1 Qd8 19. f4 Ne6 20. b4 axb4 21. axb4 Nxb4 22. Nxb4 cxb4 23. Rxb4 Qc7 24. Qb3 Rfb8 25. Rb1 Ra7 26. Ne4 Kg8 27. e3 Nc5 28. Nxc5 Qxc5 29. d4 Qc6+ 30. Kg1 h5 31. Kf2 Qe4 32. Rd1 Rba8 33. Qb1 Ra2+ 34. Rb2 Rxb2+ 35. Qxb2 Qc6 36. Qb3 Ra4 37. Rc1 Qa6 38. Rc2 Ra1 39. Rb2 d5 40. Qxb7 Qxc4 41. Qb8+ Kh7 42. Rb1 Qc2+ 43. Kf3 Rxb1 44. Qf8 Rf1# 0-1

[Event "GER-ch Net qual4 U18"]
[Site "Playchess.com INT"]
[Date "2012.09.12"]
[Round "6"]
[White "Weber, Jannis"]
[Black "Martin, Paul"]
[Result "1/2-1/2"]
[WhiteElo "1363"]
[BlackElo "1726"]
[PlyCount "33"]
[EventDate "2012.09.12"]
[EventType "swiss (blitz)"]
[EventRounds "7"]
[EventCountry "GER"]
[SourceTitle "CBM 150 Extra"]
[Source "ChessBase"]
[SourceDate "2012.10.19"]
[SourceVersion "1"]
[SourceVersionDate "2012.10.19"]
[SourceQuality "1"]

1. e4 e5 2. Nf3 Nc6 3. Bb5 a6 4. Ba4 b5 5. Bb3 Nf6 6. Nc3 Be7 7. 0-0 0-0 8. d3 d6 9. h3 h6 10. Be3 Be6 11. Nd2 d5 12. Nxd5 Nxd5 13. exd5 Bxd5 14. Bxd5 Qxd5 15. Re1 Bf6 16. c3 Rae8 17. Nf3 1/2-1/2